000 01016cam a22002411i 4500
003 SA-RiAUC
005 20251106091737.0
008 251028s2008 ba g f00010 ara c
040 _aKW-ShAPI
_bara
_cSA-RiAUC.
_erda
082 0 4 _a214.332178
_qSA-RiAUC
090 _a214.332178
_bب ع ل
100 1 _aالبعلي، عبد الحميد محمود،
_d1942-
_eمؤلف.
245 1 0 _aبطاقات الائتمان المصرفي :
_bالتصوير الفني والتخريج الفقهي : دراسة تحليلية مقارنة /
_cعبد الحميد محمود البعلي.
264 1 _aالمنامة :
_bبنك البحرين الإسلامي،
_c2008
300 _a82 صفحة ؛
_c21 سم
336 _aنص
_btxt
_2rdacontent
_3كتاب
337 _aبدون وسيط
_bn
_2rdamedia
338 _aمجلد
_bnc
_2rdacarrier
650 7 _aبطاقات الائتمان (فقه إسلامي)
_2aucsh
942 _2ddc
_cBOOK
_n0
949 _aSA-JeALM
_d251028
_umohamedma123
_n1
999 _c13066
_d13066